[Event "Rated Rapid game"]
[Site "?"]
[Date "2021.04.07"]
[Round "?"]
[White "mih-040702"]
[Black "todosarrugan"]
[Result "1-0"]
[WhiteElo "2401"]
[BlackElo "2367"]
[PlyCount "63"]
[EventDate "2021.??.??"]
[EventType "rapid"]

1. e4 e5 2. Nf3 d5 3. exd5 e4 4. Qe2 Nf6 5. Nc3 Be7 6. Nxe4 Nxd5 7. g3 O-O 8.
Bg2 f5 9. Nc3 Nxc3 10. dxc3 Bf6 11. Be3 Nc6 12. Qd3 Qe7 13. O-O-O Be6 14. Kb1
Qf7 15. a3 a6 16. Bd4 Nxd4 17. cxd4 Rfd8 18. Rhe1 c5 19. Qe3 Re8 20. Qf4 cxd4
21. Nxd4 Ba2+ 22. Ka1 Rxe1 23. Rxe1 Rd8 24. Nxf5 Be6 25. g4 Qf8 26. Qb4 Qxb4
27. axb4 Bxf5 28. gxf5 Rd2 29. Be4 Rxf2 30. h3 b5 31. Re3 h5 32. Bd5+ {Time
forfeit} 1-0

[Event "Rated Blitz game"]
[Site "?"]
[Date "2021.04.07"]
[Round "?"]
[White "Slevin37"]
[Black "pasha1984"]
[Result "1-0"]
[WhiteElo "2494"]
[BlackElo "2446"]
[PlyCount "43"]
[EventDate "2021.??.??"]
[EventType "blitz"]

1. e4 e5 2. Nf3 d5 3. exd5 e4 4. Qe2 Nf6 5. Nc3 Be7 6. Nxe4 Nxd5 7. Qd1 O-O 8.
Be2 Re8 9. O-O c5 10. d3 Nc6 11. Bd2 Bg4 12. h3 Bh5 13. Re1 Bg6 14. Nc3 Bf6 15.
Nxd5 Qxd5 16. Bc3 Nd4 17. Bxd4 cxd4 18. Nd2 Rac8 19. Bf3 Qb5 20. Nc4 Rxe1+ 21.
Qxe1 b6 22. Nd6 {Normal} 1-0

[Event "Rated Blitz game"]
[Site "?"]
[Date "2021.04.07"]
[Round "?"]
[White "mzayan"]
[Black "DarthZannah"]
[Result "0-1"]
[WhiteElo "2383"]
[BlackElo "2469"]
[PlyCount "32"]
[EventDate "2021.??.??"]
[EventType "blitz"]

1. e4 e5 2. Nf3 d5 3. exd5 e4 4. Nd4 Qxd5 5. Nb3 Nf6 6. Be2 Bd6 7. O-O Qe5 8.
f4 exf3 9. Bb5+ Qxb5 10. Qxf3 O-O 11. d4 Bg4 12. Qf2 Qh5 13. h3 Nc6 14. Nc3
Rae8 15. Bf4 Bc8 16. Nb5 Qxb5 {Normal} 0-1

[Event "Rated Blitz game"]
[Site "?"]
[Date "2021.04.07"]
[Round "?"]
[White "A_V_chess"]
[Black "Lasker-on-speed"]
[Result "0-1"]
[WhiteElo "2432"]
[BlackElo "2333"]
[PlyCount "76"]
[EventDate "2021.??.??"]
[EventType "blitz"]

1. e4 e5 2. Nf3 d5 3. exd5 Bd6 4. Bb5+ c6 5. dxc6 Nxc6 6. O-O Nf6 7. Re1 O-O 8.
Nc3 Bg4 9. Bxc6 bxc6 10. d3 Qc7 11. h3 Bh5 12. Bg5 Nd5 13. Ne4 f6 14. Bd2 Rad8
15. Ng3 Bg6 16. Nh4 Bf7 17. Nhf5 Bc5 18. Qg4 Bg6 19. Nh4 Qb6 20. Nxg6 Bxf2+ 21.
Kh1 hxg6 22. Qxg6 Ne7 23. Qg4 f5 24. Qg5 Bxe1 25. Rxe1 Qf2 26. Re2 Qc5 27. Bc3
Rd5 28. Nh5 Rf7 29. a3 a5 30. Kh2 Qd6 31. Kh1 g6 32. Ng3 Qf6 33. Qxf6 Rxf6 34.
Bxe5 Re6 35. d4 c5 36. c3 cxd4 37. cxd4 Nc6 38. Rd2 Rexe5 {Time forfeit} 0-1

[Event "Rated Blitz game"]
[Site "?"]
[Date "2021.04.07"]
[Round "?"]
[White "mzayan"]
[Black "DarthZannah"]
[Result "1/2-1/2"]
[WhiteElo "2374"]
[BlackElo "2478"]
[PlyCount "47"]
[EventDate "2021.??.??"]
[EventType "blitz"]

1. e4 e5 2. Nf3 d5 3. exd5 e4 4. Bb5+ c6 5. dxc6 bxc6 6. Qe2 cxb5 7. O-O Nf6 8.
d3 Be7 9. dxe4 O-O 10. e5 Nfd7 11. Qe4 Nb6 12. Nc3 Bd7 13. Be3 Bc6 14. Qg4 Re8
15. Rad1 Qc8 16. Qg3 N8d7 17. Nd4 b4 18. Nf5 Bf8 19. Nh6+ Kh8 20. Nxf7+ Kg8 21.
Nh6+ Kh8 22. Nf7+ Kg8 23. Nh6+ Kh8 24. Nf7+ {Normal} 1/2-1/2

[Event "Rated Rapid game"]
[Site "?"]
[Date "2021.04.07"]
[Round "?"]
[White "Serg_T"]
[Black "todosarrugan"]
[Result "1-0"]
[WhiteElo "2469"]
[BlackElo "2345"]
[PlyCount "53"]
[EventDate "2021.??.??"]
[EventType "rapid"]

1. e4 e5 2. Nf3 d5 3. d4 exd4 4. exd5 Qxd5 5. Qxd4 Qxd4 6. Nxd4 a6 7. Bf4 c5 8.
Nf3 Nc6 9. Nc3 Nf6 10. O-O-O Bg4 11. Be2 Be7 12. h3 Bh5 13. Rhe1 O-O 14. Ne5
Nxe5 15. Bxh5 Nxh5 16. Bxe5 Bg5+ 17. Kb1 Rfe8 18. g3 b5 19. Nd5 Rad8 20. h4 Bf6
21. Bc7 Rxe1 22. Rxe1 Rf8 23. g4 Bxh4 24. gxh5 Bxf2 25. Re2 Bg1 26. c3 h6 27.
Rg2 {Normal} 1-0

[Event "Rated Blitz game"]
[Site "?"]
[Date "2021.04.06"]
[Round "?"]
[White "fito2"]
[Black "annaly1979"]
[Result "0-1"]
[WhiteElo "2407"]
[BlackElo "2431"]
[PlyCount "114"]
[EventDate "2021.??.??"]
[EventType "blitz"]

1. e4 e5 2. Nf3 d5 3. d4 dxe4 4. Nxe5 Bd6 5. Nc3 Bxe5 6. dxe5 Qxd1+ 7. Kxd1 Nc6
8. Bb5 Bf5 9. Bf4 O-O-O+ 10. Kc1 Nge7 11. Re1 Ng6 12. Bg5 Rde8 13. Bxc6 bxc6
14. h3 Rxe5 15. Be3 Kb7 16. Kd2 Rd8+ 17. Ke2 Be6 18. Kf1 f5 19. g3 f4 20. gxf4
Bxh3+ 21. Kg1 Rf5 22. Kh2 Bg4 23. Kg3 Bf3 24. Ne2 c5 25. Ng1 Bh5 26. f3 exf3
27. Nxf3 Ne7 28. Ne5 Nd5 29. Nd3 Nxe3 30. Rxe3 c4 31. Ne5 Rd2 32. Rc1 g5 33.
fxg5 Rxg5+ 34. Kf4 h6 35. Re4 Rgg2 36. Rxc4 Rde2 37. Rb4+ Kc8 38. Rh1 Rg5 39.
Rc4 Rexe5 40. Rh3 Re1 41. Rhc3 Rg4+ 42. Kf5 Rxc4 43. Rxc4 Bf7 44. Rc3 h5 45.
Kg5 Rg1+ 46. Kh4 Rg4+ 47. Kh3 Be6 48. Kh2 h4 49. b3 Re4 50. a4 h3 51. Kg3 Re2
52. Rc5 Rg2+ 53. Kf3 Rg1 54. Rh5 Bg4+ 55. Kf2 Bxh5 56. Kxg1 Bg6 57. Kh2 Bxc2 {
Time forfeit} 0-1

[Event "Rated Blitz game"]
[Site "?"]
[Date "2021.04.06"]
[Round "?"]
[White "alidomat"]
[Black "ALYHoTaNGc0"]
[Result "0-1"]
[WhiteElo "2343"]
[BlackElo "2560"]
[PlyCount "22"]
[EventDate "2021.??.??"]
[EventType "blitz"]

1. e4 e5 2. Nf3 d5 3. Nxe5 dxe4 4. Bc4 Qg5 5. Bxf7+ Ke7 6. Bxg8 Qxg2 7. Rf1
Rxg8 8. d3 Bh3 9. Qe2 Qxf1+ 10. Qxf1 Bxf1 11. Kxf1 exd3 {Normal} 0-1

[Event "Rated Blitz game"]
[Site "?"]
[Date "2021.04.06"]
[Round "?"]
[White "RyuGabby"]
[Black "annaly1979"]
[Result "1-0"]
[WhiteElo "2379"]
[BlackElo "2400"]
[PlyCount "57"]
[EventDate "2021.??.??"]
[EventType "blitz"]

1. e4 e5 2. Nf3 d5 3. exd5 e4 4. Qe2 f5 5. Nc3 Nf6 6. d3 Bb4 7. dxe4 Bxc3+ 8.
bxc3 fxe4 9. Ng5 O-O 10. Nxe4 Nxd5 11. Bb2 Bf5 12. O-O-O c6 13. c4 Bxe4 14.
Qxe4 Qg5+ 15. Kb1 Nf6 16. Qe6+ Kh8 17. h4 Qg4 18. Qd6 Na6 19. f3 Qc8 20. Bd3
Rd8 21. Qf4 Rf8 22. g4 Nc5 23. Bf5 Qe8 24. h5 Qf7 25. h6 Na4 26. hxg7+ Qxg7 27.
Rxh7+ Qxh7 28. Bxh7 Kxh7 29. Bxf6 {Normal} 1-0

[Event "Rated Blitz game"]
[Site "?"]
[Date "2021.04.06"]
[Round "?"]
[White "Javi2204"]
[Black "annaly1979"]
[Result "0-1"]
[WhiteElo "2285"]
[BlackElo "2415"]
[PlyCount "94"]
[EventDate "2021.??.??"]
[EventType "blitz"]

1. e4 e5 2. Nf3 d5 3. exd5 e4 4. Nd4 c5 5. Nb3 f5 6. Nc3 Nf6 7. d3 h6 8. Be2
Bd6 9. dxe4 fxe4 10. Be3 b6 11. Nb5 O-O 12. Qd2 Bf5 13. Nxd6 Qxd6 14. O-O-O
Nbd7 15. h3 a5 16. g4 Bh7 17. Bf4 Ne5 18. a4 c4 19. Nd4 Qxd5 20. Nb5 Nd3+ 21.
cxd3 cxd3 22. Kb1 Qb3 23. Rc1 dxe2 24. Qxe2 Qxa4 25. Nc7 e3+ 26. Rc2 Qxf4 27.
Nxa8 Rxa8 28. fxe3 Qe4 29. Rhc1 Rc8 30. b3 Rxc2 31. Rxc2 Nd5 32. Kb2 Qxc2+ 33.
Qxc2 Bxc2 34. Kxc2 Nxe3+ 35. Kc3 Kf7 36. Kd4 Nc2+ 37. Kd5 Nb4+ 38. Kc4 Ke6 39.
Kb5 Nd5 40. Kc6 Ke5 41. h4 Kd4 42. g5 hxg5 43. hxg5 g6 44. Kb5 Kc3 45. Kc6 Kxb3
46. Kxd5 a4 47. Kc6 a3 {Time forfeit} 0-1

[Event "Rated Blitz game"]
[Site "?"]
[Date "2021.04.06"]
[Round "?"]
[White "arne_nemegeer"]
[Black "pasha1984"]
[Result "0-1"]
[WhiteElo "2390"]
[BlackElo "2403"]
[PlyCount "48"]
[EventDate "2021.??.??"]
[EventType "blitz"]

1. e4 e5 2. Nf3 d5 3. Nxe5 dxe4 4. Bc4 Qg5 5. d4 Qxg2 6. Rf1 Be6 7. Bxe6 fxe6
8. Nc3 Nf6 9. Be3 Bd6 10. Qe2 Nbd7 11. O-O-O O-O 12. Rg1 Qh3 13. Rg3 Qh4 14.
Rdg1 Nxe5 15. Rxg7+ Kh8 16. dxe5 Bxe5 17. R7g5 Bf4 18. Bxf4 Qxf4+ 19. Kb1 Rg8
20. Rxg8+ Rxg8 21. Rxg8+ Kxg8 22. b3 Qxh2 23. Nxe4 Qh1+ 24. Kb2 Qxe4 {Normal}
0-1

[Event "Rated Blitz game"]
[Site "?"]
[Date "2021.04.06"]
[Round "?"]
[White "petrut1970"]
[Black "Akbas_Kaan"]
[Result "0-1"]
[WhiteElo "2388"]
[BlackElo "2420"]
[PlyCount "86"]
[EventDate "2021.??.??"]
[EventType "blitz"]

1. e4 e5 2. Nf3 d5 3. d3 Nc6 4. Nc3 Nf6 5. Bg5 dxe4 6. dxe4 Be7 7. Qxd8+ Bxd8
8. Bc4 O-O 9. O-O-O h6 10. Be3 Re8 11. h3 Na5 12. Bb5 c6 13. Be2 b6 14. Rd2 Bc7
15. Rhd1 Be6 16. b3 Rad8 17. Rxd8 Rxd8 18. Rxd8+ Bxd8 19. Kb2 Bc7 20. Nd2 Nd7
21. b4 Nb7 22. a3 c5 23. Nb5 Bb8 24. c4 Kf8 25. Bg4 Ke7 26. Bxe6 Kxe6 27. Nc3
a5 28. b5 Nf6 29. f3 g5 30. g4 Bc7 31. Nd5 Nxd5 32. exd5+ Kf6 33. Ne4+ Kg6 34.
Kc3 Nd6 35. Nxc5 bxc5 36. Bxc5 f5 37. a4 e4 38. gxf5+ Kxf5 39. b6 Bb8 40. Bxd6
Bxd6 41. fxe4+ Kxe4 42. b7 Bb8 43. Kd2 Kd4 {Normal} 0-1

[Event "Rated Blitz game"]
[Site "?"]
[Date "2021.04.06"]
[Round "?"]
[White "Jazzyjef"]
[Black "annaly1979"]
[Result "1-0"]
[WhiteElo "2511"]
[BlackElo "2431"]
[PlyCount "103"]
[EventDate "2021.??.??"]
[EventType "blitz"]

1. e4 e5 2. Nf3 d5 3. Nc3 dxe4 4. Nxe4 f5 5. Ng3 e4 6. Ne5 Nf6 7. d4 Be6 8. c4
Bb4+ 9. Bd2 a5 10. d5 Qd6 11. Qa4+ Bd7 12. Nxd7 Nbxd7 13. Bxb4 Qxb4+ 14. Qxb4
axb4 15. Nxf5 O-O 16. Be2 Rae8 17. O-O Nxd5 18. Nh6+ gxh6 19. cxd5 Nb6 20. Rfd1
Re5 21. Rac1 Rf7 22. d6 c6 23. Bc4 Nxc4 24. d7 Rxd7 25. Rxd7 Nxb2 26. Rxb7 Nd3
27. Rxc6 Re8 28. g3 h5 29. Rcc7 h6 30. Rg7+ Kh8 31. Rh7+ Kg8 32. Rxh6 e3 33.
fxe3 Rxe3 34. Ra6 Re8 35. Raa7 Nc1 36. Kg2 Nd3 37. Kh3 Ne5 38. Rg7+ Kf8 39. Rh7
Kg8 40. Rag7+ Kf8 41. Rh8+ Kxg7 42. Rxe8 Ng4 43. Rb8 Nf2+ 44. Kg2 Nd3 45. Kf3
Kf6 46. Ke4 Nc1 47. Rxb4 Nxa2 48. Rc4 Kg5 49. h3 Kg6 50. h4 Kf6 51. Kd3 Kf5 52.
Kc2 {Normal} 1-0

[Event "Rated Blitz game"]
[Site "?"]
[Date "2021.04.06"]
[Round "?"]
[White "terebonya"]
[Black "pasha1984"]
[Result "1-0"]
[WhiteElo "2334"]
[BlackElo "2404"]
[PlyCount "83"]
[EventDate "2021.??.??"]
[EventType "blitz"]

1. e4 e5 2. Nf3 d5 3. Nxe5 dxe4 4. d4 Bd6 5. Nc4 Nc6 6. Nxd6+ Qxd6 7. Be3 Nge7
8. c4 Bf5 9. Nc3 O-O-O 10. d5 Ne5 11. Be2 a6 12. O-O h5 13. c5 Qg6 14. c6 Bh3
15. cxb7+ Kb8 16. g3 Bxf1 17. Qxf1 Nf3+ 18. Bxf3 exf3 19. Qd1 Qf5 20. Qd4 Kxb7
21. Qa7+ Kc8 22. Qxa6+ Kd7 23. Qb5+ c6 24. dxc6+ Ke6 25. Qc4+ Kf6 26. c7 Qh3
27. Qf1 Qxf1+ 28. Kxf1 Rc8 29. Nb5 Nd5 30. Rc1 Ke6 31. Rc6+ Ke5 32. Bd4+ Kf5
33. Rc5 Ke4 34. b4 Nxc7 35. Nxc7 Kxd4 36. a4 Rhd8 37. a5 Kd3 38. Ke1 Rd7 39.
Na6 Rxc5 40. Nxc5+ Kc4 41. Nxd7 Kxb4 42. a6 {Normal} 1-0

[Event "Rated Blitz game"]
[Site "?"]
[Date "2021.04.06"]
[Round "?"]
[White "chessflash88"]
[Black "lavilaine"]
[Result "1-0"]
[WhiteElo "2453"]
[BlackElo "2362"]
[PlyCount "72"]
[EventDate "2021.??.??"]
[EventType "blitz"]

1. e4 e5 2. Nf3 d5 3. exd5 e4 4. Bb5+ c6 5. dxc6 bxc6 6. Qe2 Be7 7. Qxe4 Nf6 8.
Bxc6+ Nxc6 9. Qxc6+ Bd7 10. Qa6 Rb8 11. O-O Bb5 12. Qxa7 Bxf1 13. Kxf1 O-O 14.
Nc3 Bb4 15. a3 Bxc3 16. bxc3 Nd5 17. c4 Nc3 18. Qd4 Qxd4 19. Nxd4 Rb1 20. Rxb1
Nxb1 21. c5 Ra8 22. c6 Kf8 23. Nb5 Ke7 24. c4 Kd8 25. Ke2 Ra4 26. d3 Ra5 27.
Bb2 f6 28. Kd1 Ra6 29. c7+ Kc8 30. Kc2 Re6 31. Kxb1 Re1+ 32. Ka2 Re2 33. Kb3
Rxf2 34. Bd4 Rxg2 35. Bb6 Kd7 36. Na7 Rxh2 {Normal} 1-0

[Event "Rated Blitz game"]
[Site "?"]
[Date "2021.04.06"]
[Round "?"]
[White "V_vs"]
[Black "annaly1979"]
[Result "0-1"]
[WhiteElo "2469"]
[BlackElo "2420"]
[PlyCount "90"]
[EventDate "2021.??.??"]
[EventType "blitz"]

1. e4 e5 2. Nf3 d5 3. d4 dxe4 4. Nxe5 Bd6 5. Nc4 Nf6 6. Nc3 h6 7. Be2 O-O 8.
O-O Nc6 9. Be3 Bf5 10. h3 Bg6 11. Qd2 Re8 12. Rad1 Bf8 13. d5 Ne5 14. Nxe5 Rxe5
15. Bd4 Re8 16. Bc4 a6 17. a4 Bd6 18. Rfe1 Bb4 19. Qe3 Qd6 20. f3 exf3 21. Qxf3
Bxc2 22. Rc1 Bg6 23. Bxf6 Qxf6 24. Qxf6 gxf6 25. Kf1 Kg7 26. Rxe8 Rxe8 27. Re1
Rxe1+ 28. Kxe1 Kf8 29. Ke2 Ke7 30. Kf3 Kd6 31. Kf4 h5 32. Ne4+ Ke7 33. b3 Ba3
34. Kf3 Bc1 35. Ng3 f5 36. Ne2 Bd2 37. Nf4 Kf6 38. Nxg6 fxg6 39. g4 hxg4+ 40.
hxg4 Ke5 41. gxf5 gxf5 42. Ke2 Bb4 43. Kf3 Bd6 44. Ke3 f4+ 45. Kf3 Kd4 {
Time forfeit} 0-1

[Event "Rated Blitz game"]
[Site "?"]
[Date "2021.04.06"]
[Round "?"]
[White "Gitzi"]
[Black "King_bg03"]
[Result "0-1"]
[WhiteElo "2230"]
[BlackElo "2491"]
[PlyCount "24"]
[EventDate "2021.??.??"]
[EventType "blitz"]

1. e4 e5 2. Nf3 d5 3. exd5 e4 4. Qe2 Nf6 5. d3 Qxd5 6. Nc3 Bb4 7. Bd2 Bxc3 8.
Bxc3 O-O 9. Nd2 exd3 10. Qxd3 Re8+ 11. Kd1 Qh5+ 12. Kc1 Re1# {Normal} 0-1

[Event "Rated Blitz game"]
[Site "?"]
[Date "2021.04.06"]
[Round "?"]
[White "IzkusniJorge"]
[Black "KamranShirazi"]
[Result "1-0"]
[WhiteElo "2432"]
[BlackElo "2450"]
[PlyCount "61"]
[EventDate "2021.??.??"]
[EventType "blitz"]

1. e4 e5 2. Nf3 d5 3. Nxe5 Bd6 4. d4 dxe4 5. Nc4 Be7 6. Nc3 f5 7. g4 Nf6 8.
gxf5 Bxf5 9. Bg5 O-O 10. Qd2 Nc6 11. O-O-O Nd5 12. Bxe7 Ncxe7 13. Ne3 Bg6 14.
Bc4 c6 15. h4 Kh8 16. h5 Bf7 17. h6 g6 18. Bb3 a5 19. Nxe4 a4 20. Bxd5 Nxd5 21.
Nxd5 Bxd5 22. Rhe1 Bxa2 23. d5 Rf7 24. Qc3+ Kg8 25. dxc6 Qc7 26. Nf6+ Rxf6 27.
Qxf6 Rf8 28. Qd4 bxc6 29. Qxa4 Bd5 30. Qd4 Qh2 31. Qg7# {Normal} 1-0

[Event "Rated Blitz game"]
[Site "?"]
[Date "2021.04.06"]
[Round "?"]
[White "axper89"]
[Black "Taabling"]
[Result "0-1"]
[WhiteElo "2358"]
[BlackElo "2401"]
[PlyCount "94"]
[EventDate "2021.??.??"]
[EventType "blitz"]

1. e4 e5 2. Nf3 d5 3. Bb5+ c6 4. Ba4 dxe4 5. Nxe5 Qd4 6. Nxf7 Kxf7 7. Bb3+ Ke8
8. c3 Qd3 9. Bc2 Qd5 10. d3 Nf6 11. O-O Be7 12. dxe4 Qxd1 13. Rxd1 Nbd7 14. Bg5
h6 15. Bh4 g5 16. Bg3 Nh5 17. Bb3 Nxg3 18. hxg3 Ne5 19. Nd2 h5 20. f4 Ng4 21.
Nf3 Bc5+ 22. Kf1 Ne3+ 23. Ke2 Nxd1 24. Rxd1 Bg4 25. f5 Ke7 26. e5 Bxf5 27. Nxg5
Bg4+ 28. Nf3 Rhd8 29. Rf1 Rf8 30. Ke1 Rae8 31. Kd2 Kd7 32. Re1 Bxf3 33. gxf3
Rxf3 34. e6+ Kd6 35. Rh1 Rf5 36. Bc4 Rxe6 37. Bxe6 Kxe6 38. b4 Bd6 39. Rh3 Rg5
40. Rh1 Bxg3 41. Kd3 h4 42. Ke4 Rg4+ 43. Kf3 Rc4 44. Rc1 Kf5 45. Rc2 b5 46. a3
a6 47. Ke3 Kg4 {Normal} 0-1

[Event "Rated Blitz game"]
[Site "?"]
[Date "2021.04.06"]
[Round "?"]
[White "Latrampanegra"]
[Black "annaly1979"]
[Result "1-0"]
[WhiteElo "2341"]
[BlackElo "2427"]
[PlyCount "57"]
[EventDate "2021.??.??"]
[EventType "blitz"]

1. e4 e5 2. Nf3 d5 3. Nxe5 Qe7 4. d4 f6 5. Nf3 dxe4 6. Nfd2 f5 7. b3 Nf6 8. Bb2
Nc6 9. Be2 Be6 10. O-O O-O-O 11. c4 Nxd4 12. Bxd4 Rxd4 13. Qc2 Qf7 14. Nc3 Rd8
15. Nb5 a6 16. a4 Bb4 17. Rfd1 Kb8 18. c5 Bxd2 19. Rxd2 Rxd2 20. Qxd2 Bxb3 21.
Qb4 Bd5 22. Nd4 Qd7 23. Bxa6 Rd8 24. Rb1 Bc6 25. Nxc6+ Qxc6 26. Bxb7 Rd1+ 27.
Rxd1 Qxb7 28. Rd8+ Ka7 29. Qa5+ {Normal} 1-0

[Event "Rated Blitz game"]
[Site "?"]
[Date "2021.04.06"]
[Round "?"]
[White "marin_88"]
[Black "annaly1979"]
[Result "0-1"]
[WhiteElo "2442"]
[BlackElo "2433"]
[PlyCount "70"]
[EventDate "2021.??.??"]
[EventType "blitz"]

1. e4 e5 2. Nf3 d5 3. Bc4 dxc4 4. O-O Nc6 5. d3 cxd3 6. cxd3 Nf6 7. Nc3 h6 8.
h3 Bc5 9. a3 O-O 10. b4 Bd4 11. Nxd4 Nxd4 12. f4 exf4 13. Bxf4 c6 14. Be5 Nh7
15. Qh5 Ne6 16. Ne2 Qxd3 17. Rad1 Qxe4 18. Nf4 Nxf4 19. Rxf4 Qe3+ 20. Kh1 Ng5
21. Bd6 Be6 22. Bxf8 Qxf4 23. Bd6 Qe4 24. h4 Bh3 25. Rg1 Ne6 26. Kh2 Bg4 27.
Qa5 b6 28. Qa6 Rd8 29. Bg3 Rd2 30. Qxa7 h5 31. Qxb6 Kh7 32. a4 Nf4 33. Bxf4
Qxf4+ 34. Kh1 Bf3 35. Qd8 Rxd8 {Normal} 0-1

[Event "Rated Blitz game"]
[Site "?"]
[Date "2021.04.06"]
[Round "?"]
[White "Machinegunusa"]
[Black "jflup"]
[Result "1/2-1/2"]
[WhiteElo "2545"]
[BlackElo "2440"]
[PlyCount "124"]
[EventDate "2021.??.??"]
[EventType "blitz"]

1. e4 e5 2. Nf3 d5 3. d4 dxe4 4. Nxe5 Nd7 5. Qh5 g6 6. Qe2 Ngf6 7. Nc3 Bg7 8.
Bg5 O-O 9. Nxe4 h6 10. Nxd7 hxg5 11. Nexf6+ Bxf6 12. Nxf8 Qxf8 13. O-O-O Be6
14. a3 b5 15. Qxb5 Rb8 16. Qc6 g4 17. h4 gxh3 18. f4 Rb6 19. Qc5 Qxc5 20. dxc5
Rxb2 21. gxh3 Ra2 22. Kd2 Rxa3 23. Bd3 Ra5 24. f5 gxf5 25. Rdf1 Rxc5 26. h4 a5
27. h5 a4 28. Rhg1+ Kh7 29. Rf4 a3 30. Ra4 a2 31. c4 Kh6 32. Rxa2 Bxc4 33. Bxc4
Rxc4 34. Ke2 Rg4 35. Rf1 Kg5 36. Ra5 Kxh5 37. Raxf5+ Bg5 38. Rxf7 Re4+ 39. Kf3
Re6 40. Rxc7 Rf6+ 41. Kg2 Rxf1 42. Kxf1 Kg4 43. Rc4+ Bf4 44. Ke2 Kf5 45. Kf3
Be5 46. Rc5 Ke6 47. Ke4 Bd6 48. Rc6 Kd7 49. Kd5 Bc7 50. Rg6 Bf4 51. Rg7+ Kc8
52. Rf7 Bg3 53. Rf3 Bh2 54. Kc6 Kb8 55. Rb3+ Ka8 56. Rb1 Ka7 57. Rb3 Ka8 58.
Rh3 Bg1 59. Rh8+ Ka7 60. Rh1 Ka6 61. Rxg1 Ka5 62. Rb1 Ka4 {Time forfeit}
1/2-1/2

[Event "Rated Blitz tournament sp3sb0MZ"]
[Site "?"]
[Date "2021.04.06"]
[Round "?"]
[White "HHe1976"]
[Black "CarlitosCL"]
[Result "1-0"]
[WhiteElo "2481"]
[BlackElo "2220"]
[PlyCount "103"]
[EventDate "2021.??.??"]
[EventType "blitz"]

1. e4 e5 2. Nf3 d5 3. exd5 Qxd5 4. Nc3 Qe6 5. Be2 Bd6 6. d4 exd4 7. Nxd4 Qd7 8.
Ndb5 Nf6 9. Nxd6+ cxd6 10. O-O O-O 11. Bg5 Qf5 12. Qd2 Nc6 13. Bd3 Qe5 14. Rfe1
Qd4 15. Be3 Qb4 16. a3 Qa5 17. Bg5 Nd7 18. Qe3 Nde5 19. b4 Qc7 20. Nd5 Qd7 21.
b5 Nd8 22. Bf5 Ne6 23. Nf6+ gxf6 24. Bxf6 Ng7 25. Bxd7 Nxd7 26. Bxg7 Kxg7 27.
Qd4+ Kg8 28. Qxd6 Nb6 29. Re3 Bf5 30. Rg3+ Bg6 31. h4 h5 32. Qf6 Kh7 33. a4 Nd5
34. Qe5 Rad8 35. Rd1 Rfe8 36. Rxd5 Rxe5 37. Rxe5 Bxc2 38. Re7 Bg6 39. Rxb7 Rd4
40. Rxa7 Rb4 41. b6 Rb1+ 42. Kh2 Rxb6 43. a5 Rb1 44. a6 Ra1 45. Ra8 Kg7 46. a7
Ra6 47. Rc3 Ra5 48. Rc7 Ra2 49. Rb8 Rxf2 50. a8=Q Be4 51. Rg8+ Kf6 52. Qf8 {
Time forfeit} 1-0

[Event "Rated Blitz tournament a4RTU1G6"]
[Site "?"]
[Date "2021.04.06"]
[Round "?"]
[White "IvanMarinkovic"]
[Black "Lur15"]
[Result "1-0"]
[WhiteElo "2498"]
[BlackElo "2350"]
[PlyCount "97"]
[EventDate "2021.??.??"]
[EventType "blitz"]

1. e4 e5 2. Nf3 d5 3. exd5 e4 4. Qe2 Be7 5. Qxe4 Nf6 6. Qa4+ c6 7. Nc3 O-O 8.
Be2 cxd5 9. O-O Nc6 10. d4 Bd7 11. Bg5 Ne4 12. Bxe7 Nxc3 13. bxc3 Qxe7 14. Bb5
Bg4 15. Rfe1 Qf6 16. Ne5 Nxe5 17. dxe5 Qg6 18. Bd3 Qg5 19. Qd4 Bf3 20. g3 h5
21. Re3 Bg4 22. Qxd5 b6 23. h4 Qe7 24. Qe4 g6 25. Qf4 Rac8 26. c4 Be6 27. a4
Qc5 28. Qf6 Rce8 29. Rae1 Qe7 30. Qf4 Rc8 31. Qh6 Rfd8 32. Bxg6 fxg6 33. Qxg6+
Kh8 34. Qh6+ Kg8 35. Re4 Re8 36. Qxh5 Bf7 37. Qh6 Be6 38. Rf4 Qg7 39. Qh5 Rf8
40. Ree4 Rxf4 41. Rxf4 Rf8 42. Qf3 Rxf4 43. Qxf4 Bxc4 44. Qxc4+ Kh7 45. Qe4+
Kg8 46. e6 Qe7 47. Qe5 Qa3 48. e7 Qa1+ 49. Qxa1 {Normal} 1-0

[Event "Rated Blitz tournament oQPGVFkN"]
[Site "?"]
[Date "2021.04.06"]
[Round "?"]
[White "hicus"]
[Black "NaestvedVinderAltid"]
[Result "1-0"]
[WhiteElo "2490"]
[BlackElo "2260"]
[PlyCount "100"]
[EventDate "2021.??.??"]
[EventType "blitz"]

1. e4 e5 2. Nf3 d5 3. exd5 e4 4. Qe2 Nf6 5. d3 Qxd5 6. dxe4 Qxe4 7. Bg5 Be7 8.
Nc3 Qxe2+ 9. Bxe2 Be6 10. O-O-O Nbd7 11. Nd4 Bg4 12. Bxg4 Nxg4 13. Bxe7 Kxe7
14. Rhe1+ Kf6 15. f3 Nge5 16. Nd5+ Kg6 17. Nxc7 Rac8 18. Nd5 f6 19. Ne7+ Kg5
20. Nxc8 Rxc8 21. Ne6+ Kf5 22. Nxg7+ Kg6 23. Ne6 Nc5 24. Nxc5 Rxc5 25. b3 Kf5
26. Kb2 h5 27. Re4 Ng6 28. Rd7 h4 29. Rxb7 Nf4 30. Rxf4+ Kxf4 31. Rg7 Re5 32.
Rg4+ Kf5 33. Rxh4 Re2 34. Rg4 Re1 35. a4 Rh1 36. h3 Ke5 37. Kc3 f5 38. Rg7 f4
39. Rg4 Kf5 40. Kb4 Re1 41. h4 Re2 42. Rg5+ Kf6 43. c4 Re7 44. c5 Rb7+ 45. Kc4
a5 46. c6 Rc7 47. Kc5 Ke6 48. Kb6 Rh7 49. c7 Kd7 50. Rd5+ Ke6 {Normal} 1-0

[Event "Rated Blitz game"]
[Site "?"]
[Date "2021.04.06"]
[Round "?"]
[White "saneksrovenek1"]
[Black "annaly1979"]
[Result "0-1"]
[WhiteElo "2422"]
[BlackElo "2405"]
[PlyCount "128"]
[EventDate "2021.??.??"]
[EventType "blitz"]

1. e4 e5 2. Nf3 d5 3. Nxe5 Qe7 4. d4 f6 5. Ng4 Nc6 6. Ne3 Qxe4 7. c3 Nge7 8.
Be2 Be6 9. Nd2 Qh4 10. Nb3 Nf5 11. Nxf5 Bxf5 12. O-O Bd6 13. g3 Qh3 14. Re1 O-O
15. Bf1 Qg4 16. Bg2 Qxd1 17. Bxd5+ Kh8 18. Rxd1 Rae8 19. Be3 Ne7 20. Bxb7 c6
21. Ba6 Nd5 22. Re1 Nxe3 23. Rxe3 Rxe3 24. fxe3 h5 25. Kf2 h4 26. Be2 h3 27.
Bf3 g5 28. Bxc6 g4 29. e4 Be6 30. d5 Bg8 31. Bd7 Rd8 32. Bxg4 Bh7 33. Nd2 f5
34. Bxf5 Rf8 35. g4 Bxh2 36. Rh1 Bxf5 37. gxf5 Be5 38. Rxh3+ Kg7 39. Nf3 Bf4
40. Rh4 Bc1 41. b3 Kf6 42. c4 a5 43. Rh5 Rg8 44. e5+ Kf7 45. f6 Bb2 46. Rh7+
Kg6 47. Rb7 Rh8 48. f7 Ba3 49. d6 Rf8 50. e6 Bxd6 51. Ke3 Kf6 52. Nd4 Bc5 53.
Ke4 Bxd4 54. Kxd4 Kxe6 55. c5 a4 56. Kc4 axb3 57. axb3 Rh8 58. b4 Rh3 59. Kb5
Rf3 60. c6 Kd6 61. Rd7+ Ke6 62. Kc5 Rf5+ 63. Kb6 Rf4 64. b5 Rb4 {Time forfeit}
0-1

[Event "Rated Blitz game"]
[Site "?"]
[Date "2021.04.06"]
[Round "?"]
[White "leroquentin"]
[Black "GrandeGila"]
[Result "1-0"]
[WhiteElo "2292"]
[BlackElo "2428"]
[PlyCount "35"]
[EventDate "2021.??.??"]
[EventType "blitz"]

1. e4 e5 2. Nf3 d5 3. Nxe5 Bd6 4. Ng4 dxe4 5. Bc4 Nc6 6. Nc3 Qe7 7. O-O Qh4 8.
h3 Bxg4 9. Qxg4 Qxg4 10. hxg4 Nf6 11. g5 Ng4 12. Nxe4 Bh2+ 13. Kh1 Be5 14. c3
O-O-O 15. d4 Bh2 16. Bxf7 Rde8 17. Bxe8 Rxe8 18. f3 {Normal} 1-0

[Event "Rated Blitz game"]
[Site "?"]
[Date "2021.04.06"]
[Round "?"]
[White "Quaritch79"]
[Black "annaly1979"]
[Result "1-0"]
[WhiteElo "2402"]
[BlackElo "2406"]
[PlyCount "59"]
[EventDate "2021.??.??"]
[EventType "blitz"]

1. e4 e5 2. Nf3 d5 3. exd5 e4 4. Nd4 c5 5. Nb3 f5 6. c4 Nf6 7. d3 Bd6 8. dxe4
fxe4 9. Nc3 O-O 10. Be3 b6 11. Be2 a5 12. a4 Nbd7 13. Qd2 Ne5 14. O-O-O Bd7 15.
Nb5 Bxb5 16. cxb5 c4 17. Nd4 Rc8 18. Kb1 c3 19. bxc3 Nc4 20. Bxc4 Rxc4 21. Qa2
Qc8 22. Nc6 Rc5 23. Bxc5 bxc5 24. c4 Qf5 25. Qc2 Kh8 26. Nxa5 Ng4 27. f3 Ne3
28. Qxe4 Qg5 29. Rd2 Nxc4 30. Nxc4 {Normal} 1-0

[Event "Rated Rapid game"]
[Site "?"]
[Date "2021.04.06"]
[Round "?"]
[White "KingQueen05"]
[Black "todosarrugan"]
[Result "1-0"]
[WhiteElo "2411"]
[BlackElo "2415"]
[PlyCount "51"]
[EventDate "2021.??.??"]
[EventType "rapid"]

1. e4 e5 2. Nf3 d5 3. exd5 e4 4. Nd4 Qxd5 5. Nb5 Na6 6. d4 exd3 7. Qxd3 Qxd3 8.
Bxd3 c6 9. Nd4 Nb4 10. Be2 c5 11. a3 cxd4 12. axb4 Bxb4+ 13. Bd2 Bc5 14. Ra5 b6
15. Ra1 Bb7 16. O-O Nf6 17. Bb5+ Kd8 18. Re1 a6 19. Bd3 Re8 20. f3 Rxe1+ 21.
Bxe1 Nd5 22. Bf2 g6 23. Nd2 Ne3 24. Nb3 f5 25. c3 dxc3 26. Nxc5 {Normal} 1-0